000 00907nas a2200313 4500
001 BR0101477
003 BR-BrBNA
005 20231205102138.0
007 ta
008 230509b bl.|||p| |||| 00| 00por d
040 _aBR-BrBNA
_bpor
_cBiblioteca Nacional de Agricultura
041 _a(Pt)
072 _aF30; F06
100 1 _aRieffel, S.R.
100 1 _aSilva, P.R.F. da
100 1 _aMenezes, V.G.
100 1 _aMariot, C.H.P.
245 1 _aResposta de genotipos de arroz irrigado ao arranjo de plantas
650 _aArroz
650 _aDensidade de Semeadura
650 _aGenotipo
650 _aEspacamento
650 _aRendimento
650 _aIrrigacao
650 _aResposta da Planta
773 0 _tPesquisa Agropecuaria Brasileira (Brazil)
_xISSN 0100-204X
_g(Dec 2000), v. 35(12) p. 2383-2390
_wBR0101477
909 _a202311
_bLúcia
_c55
_dLúcia Elande
942 _2AGRIS
_n0
_cANA
999 _c165981
_d165981